000 00580nam a22001577a 4500
082 _a621.1
_bNAS
100 _aNasir, Muhammad Abdullah (361095)
_9132352
245 _aExperimental and Techno-Economic Analysis of Direct/Indirect Evaporative Cooling System Incorporated with Desiccant Wheel Dehumidifier in Hot and Humid Climate /
264 _aIslamabad :
_bUSPCAS-E, NUST
_cJuly, 2025
300 _axiv, 53 p.
_e+CD
520 _aTH-636
650 _aMS TEE Thesis
_9116575
650 _aMS Thesis
_918721
700 _aSupervisor: Dr. Naveed Ahmed
_9117546
942 _2ddc
_cTHE
999 _c615562
_d615562